|
|
|
|
| LEADER |
01099nam a2200277 a 4500 |
| 001 |
3926461 |
| 008 |
090827s1998 ctua b 001 0 eng d |
| 010 |
|
|
|a 92074290
|
| 020 |
|
|
|a 0697391116
|
| 040 |
|
|
|a DLC
|c DLC
|d DLC
|
| 082 |
0 |
0 |
|a 306.4/61
|2 20
|
| 245 |
0 |
0 |
|a Taking sides.
|p Clashing views on controversial issues in health and society /
|c edited, selected, and with introductions by Eileen L. Daniel.
|
| 250 |
|
|
|a 3rd ed.
|
| 260 |
|
|
|a Guilford, Conn. :
|b Dushkin Pub. Group,
|c c1998.
|
| 300 |
|
|
|a xix, 372 p. :
|b ill. ;
|c 23 cm.
|
| 504 |
|
|
|a Includes bibliographical references and index.
|
| 541 |
1 |
|
|e 00008024
|
| 650 |
|
0 |
|a Health behavior.
|
| 650 |
|
0 |
|a Health
|x Decision making.
|
| 650 |
|
0 |
|a Substance abuse.
|
| 650 |
|
0 |
|a Medical care.
|
| 650 |
|
0 |
|a Decision making.
|
| 700 |
1 |
|
|a Daniel, Eileen L.
|
| 852 |
4 |
|
|a Ayesha Abed Library
|j General Shelf.
|
| 999 |
|
|
|c 3790
|d 3790
|
| 952 |
|
|
|0 0
|1 0
|2 ddc
|4 0
|6 306_461000000000000_TAK_1998
|7 0
|9 3442
|a BRACUL
|b BRACUL
|c GEN
|d 2009-09-05
|g 0.00
|l 1
|m 1
|o 306.461 TAK
|p 3010008024
|r 2026-03-08
|s 2026-02-25
|t 1
|w 2009-09-05
|y BK
|x No price found in the accession register.
|